• 首页
  • 本馆介绍
  • 公告通知
  • 最新文献
  • 馆藏检索
  • 电子资源
  • 读者导购
  • 参考咨询
  • 我的图书馆
  • 登录
  • 详细信息显示
  • 放入我的书架
  • 预约/预借图书
  • 作者相关作品
  • 分类相关作品
  • 丛书相关作品
  • 出版社相关作品

书目信息

  • 表格格式
  • 工作单格式
  • 卡片格式
题名:
中国西南野生动物图谱
    
 
作者: 朱建国 , 买国庆 总主编
分册: 下   昆虫卷
出版信息: 北京   北京出版社  2021.3
页数: 422页
开本: 29cm
丛书名:
单 册:
中图分类: Q958.527 , Q968.227
科图分类:
主题词: 野生动物--西南地区--图谱 , 昆虫--西南地区--图谱
电子资源:
ISBN: 978-7-200-14783-4
000 01350nam0 2200289 45
001 012001000953
005 20211013144346.97
010    @a978-7-200-14783-4@b精装@dCNY498.00
100    @a20210621d2021 em y0chiy50 ea
101 0  @achi@elat
102    @aCN@b110000
105    @aac z 001yy
106    @ar
200 1  @a中国西南野生动物图谱@Azhong guo xi nan ye sheng dong wu tu pu@i昆虫卷@h下@b专著@dAtlas of wildlife in southwest China@iInsect@hII@f朱建国总主编@g买国庆主编@zeng
210    @a北京@c北京出版社@d2021.3
215    @a422页@c肖像@d29cm
300    @a并列题名:Atlas of wildlife in southwest China
330    @a本书以原色照片为主,共收录介绍了分布在我国西南地区西藏、云南、四川、重庆、贵州、广西6省(直辖市、自治区)620种昆虫(上、下两册)及其生态照片。物种介绍包括物种分类地位,如所属目、科、属和种的中文名和拉丁名,保护状况,体形或大小、主要形态识别特征、主要生物学或生态习性,地理分布,以及生态照片的拍摄地点和拍摄时间等。书后附有主要参考资料、物种学名索引。
510 1  @aAtlas of wildlife in southwest China@iInsect@hII@zeng
606 0  @a野生动物@y西南地区@j图谱
606 0  @a昆虫@y西南地区@j图谱
690    @aQ958.527@v5
690    @aQ968.227@v5
701  0 @a朱建国@Azhu jian guo@c(濒危动物)@4总主编
701  0 @a买国庆@Amai guo qing@4主编
801  0 @aCN@bBJSDL@c20211011
905    @b1336239-41@dQ958.527@e334:2@f3
    
    中国西南野生动物图谱.昆虫卷.下=Atlas of wildlife in southwest China.Insect.II/朱建国总主编/买国庆主编.-北京:北京出版社,2021.3
    422页:肖像;29cm
    并列题名:Atlas of wildlife in southwest China
    
    ISBN 978-7-200-14783-4(精装):CNY498.00
    本书以原色照片为主,共收录介绍了分布在我国西南地区西藏、云南、四川、重庆、贵州、广西6省(直辖市、自治区)620种昆虫(上、下两册)及其生态照片。物种介绍包括物种分类地位,如所属目、科、属和种的中文名和拉丁名,保护状况,体形或大小、主要形态识别特征、主要生物学或生态习性,地理分布,以及生态照片的拍摄地点和拍摄时间等。书后附有主要参考资料、物种学名索引。
●
相关链接 在E读中查询图书 在五车中查询图书 在当当中查询图书 在豆瓣中查询图书


正题名:中国西南野生动物图谱     索取号:Q958.527/334:2         预约/预借

序号 登录号 条形码 馆藏地/架位号 状态 备注
1 1336239   213362396   第二样本阅览室/ [索取号:Q958.527/334:2] 在馆    
2 1336240   213362403   第三借阅区/ [索取号:Q958.527/334:2] 在馆    
3 1336241   213362412   第三借阅区/ [索取号:Q958.527/334:2] 在馆    
唐山师范学院图书馆 欢迎您!
大连网信软件有限公司© 版权所有